[Event "Detroit (MI Team/2/1/1)"]
[Site "?"]
[Date "1995.??.??"]
[Round "?"]
[White "Vukadinov, M."]
[Black "Rajlich, Vasik"]
[Result "1-0"]
[WhiteElo "2425"]
[BlackElo "2205"]
[PlyCount "89"]
[EventDate "1995.??.??"]

{2/1} 1. d4 d5 2. c4 e6 3. Nf3 Nf6 4. Nc3 c6 5. Bg5 dxc4 6. e4 b5 7. e5 h6 8.
Bh4 g5 9. exf6 gxh4 10. Ne5 Bb7 11. Nxf7 Qxf6 12. Nxh8 Qxh8 13. Qh5+ Kd7 14.
Be2 Na6 15. O-O Be7 16. Bf3 Rg8 17. Rfe1 Rg5 18. Qf7 Nc7 19. Ne4 Rg7 20. Nc5+
Kc8 21. Qf4 Qg8 22. Qe4 Bxc5 23. dxc5 h3 24. g3 Qf8 25. Bg4 Kb8 26. Bxh3 Qxc5
27. Rad1 a5 28. Qf4 Ka7 29. Qxh6 Qf8 30. Qd2 Rh7 31. Qxa5+ Na6 32. Bg2 Qh8 33.
Qc3 Rxh2 34. Qxh8 Rxh8 35. Rxe6 Kb6 36. Rdd6 Rc8 37. f4 Nc5 38. Re7 Nd3 39. f5
Nc1 40. Ree6 Nxa2 41. f6 b4 42. f7 Rf8 43. Bxc6 c3 44. Bxb7+ Kb5 45. b3 1-0

[Event "East Lansing (MOR/7/31)"]
[Site "?"]
[Date "1995.??.??"]
[Round "?"]
[White "Vorhauer, Sam"]
[Black "Repas, B."]
[Result "1-0"]
[WhiteElo "1605"]
[BlackElo "1605"]
[PlyCount "58"]
[EventDate "1995.??.??"]

{7/(31)} 1. d4 d5 2. Nf3 Nf6 3. e3 c6 4. Bd3 e6 5. Nbd2 Bd6 6. h3 O-O 7. b3
Nbd7 8. Bb2 c5 9. c4 b6 10. O-O Re8 11. Re1 Bb7 12. Qc2 Rc8 13. e4 dxe4 14.
Nxe4 Nxe4 15. Bxe4 Bxe4 16. Qxe4 Nf6 17. Qh4 h6 18. dxc5 Rxc5 19. Bxf6 Qxf6 20.
Qxf6 gxf6 21. Rad1 Be7 22. Rd7 a5 23. a4 Rcc8 24. Red1 Bc5 25. R1d3 Kf8 26. Nh2
Re7 27. Ng4 Kg7 28. Rg3 Rxd7 29. Ne5+ Kh8 1-0

[Event "East Lansing (MOR/1a/23)"]
[Site "?"]
[Date "1995.??.??"]
[Round "?"]
[White "Vorhauer, Sam"]
[Black "Peiter, H."]
[Result "0-1"]
[WhiteElo "1605"]
[BlackElo "1605"]
[PlyCount "74"]
[EventDate "1995.??.??"]

1. d4 d5 2. Nf3 Nf6 3. e3 Bg4 4. Nbd2 Nbd7 5. c4 e5 6. Be2 Bxf3 7. Nxf3 e4 8.
Ne5 dxc4 9. Nxd7 Qxd7 10. Bxc4 Be7 11. Bd2 O-O 12. Qb3 c6 13. h3 Nd5 14. O-O f5
15. Bb4 Bxb4 16. Qxb4 f4 17. Qd2 f3 18. g4 h5 19. Kh1 hxg4 20. Rg1 Rf6 21. Kh2
Rh6 22. Rg3 Kf7 23. Rh1 Rah8 24. Kg1 Rxh3 25. Rhxh3 Rxh3 26. Qb4 Kg6 27. Bxd5
cxd5 28. Qf8 Rxg3+ 29. fxg3 Qc7 30. Qe8+ Kg5 31. Qe5+ Qxe5 32. dxe5 Kf5 33. a4
Kxe5 34. b4 d4 35. exd4+ Kxd4 36. b5 b6 37. Kf2 e3+ {38.Kc3 a5 39.a5 b6 40.b
{Scoresheet} 0-1

[Event "East Lansing (MOR/3/32)"]
[Site "?"]
[Date "1995.??.??"]
[Round "?"]
[White "Vorhauer, Sam"]
[Black "Paul, Dennis"]
[Result "1-0"]
[WhiteElo "1605"]
[BlackElo "1605"]
[PlyCount "147"]
[EventDate "1995.??.??"]

{3/(32)} 1. d4 d5 2. e3 Nf6 3. Nf3 g6 4. Bd3 Bg7 5. b3 O-O 6. Nbd2 Nc6 7. c3
Bg4 8. Qc2 Re8 9. h3 Bd7 10. O-O Qc8 11. Kh1 e5 12. dxe5 Nxe5 13. Ng1 Nxd3 14.
Qxd3 Bf5 15. Qe2 Ne4 16. Nxe4 Rxe4 17. Bb2 Qe6 18. g4 Bxg4 19. hxg4 Rxg4 20.
Nf3 Qf5 21. Nh2 Rh4 22. f4 h5 23. Qf2 Rh3 24. Rg1 Qe4+ 25. Qg2 Qxg2+ 26. Rxg2
Rxe3 27. Rag1 Kh7 28. f5 Bxc3 29. fxg6+ fxg6 30. Bxc3 Rxc3 31. Rxg6 h4 32. R6g4
{32.Rg4 {Both Scoresheets} Rh3 33. Rg7+ Kh8 34. R7g5 {34.Rg5 {Both Scoresheets}
Rg3 35. R5xg3 {35.Rxg3 {Both Scoresheets} hxg3 36. Rxg3 Rd8 37. Nf3 d4 38. Ne5
Re8 39. Nf7+ Kh7 40. Ng5+ Kh6 41. Nf7+ Kh5 42. Rd3 c5 43. Nd6 Re3 44. Rd2 Kg4
45. Nc4 Re1+ 46. Kg2 b5 47. Nb2 Re4 48. Nd3 Re3 49. Nxc5 Rg3+ 50. Kf1 Rf3+ 51.
Ke1 Rf4 52. Kd1 Kf5 53. Kc2 b4 54. Nd3 Rf3 55. Nxb4 Rc3+ 56. Kd1 Ke4 57. Re2+
Re3 58. Rxe3+ dxe3 59. Ke2 Kd4 60. Nc6+ Kc5 61. Nxa7 Kb4 62. Kxe3 Kc5 63. Kd3
Kb6 64. Nc8+ Kc7 65. Ne7 Kb7 66. Kc4 Kc7 67. Kc5 Kb7 68. b4 Kb8 69. Kc6 Ka8 70.
b5 Ka7 71. Kc7 Ka8 72. a3 Ka7 73. b6+ Ka6 74. b7 1-0

[Event "East Lansing (Class C/4/15)"]
[Site "?"]
[Date "1995.??.??"]
[Round "?"]
[White "Vorhauer, Sam"]
[Black "Hill, M."]
[Result "1-0"]
[WhiteElo "1605"]
[BlackElo "1605"]
[PlyCount "75"]
[EventDate "1995.??.??"]

{4/(15)} 1. d4 g6 2. Nf3 Bg7 3. c3 d5 4. Bf4 Nf6 5. e3 Nbd7 6. Bd3 b6 7. Nbd2
Bb7 8. O-O h6 9. h3 O-O 10. Re1 Rc8 11. e4 dxe4 12. Bxe4 Nxe4 13. Nxe4 e6 14.
Qd2 g5 15. Bh2 c5 16. Nd6 Bxf3 17. Nxc8 Qxc8 18. gxf3 Qb7 19. Qe3 cxd4 20. cxd4
Nf6 21. f4 Nd5 22. Qe4 Qd7 23. fxg5 hxg5 24. Qg4 Qe7 25. Qe4 Nf6 26. Qg2 Nh5
27. Qg4 Nf4 28. Bxf4 gxf4 29. Qxf4 Rd8 30. Rad1 Rd5 31. Kh1 Rg5 32. Rg1 Qb7+
33. f3 Rf5 34. Rxg7+ Kxg7 35. Rg1+ Kf8 36. Qd6+ Qe7 37. Qb8+ Qe8 38. Rg8+ 1-0

[Event "East Lansing (MOR/5/16)"]
[Site "?"]
[Date "1995.??.??"]
[Round "?"]
[White "Vorhauer, Sam"]
[Black "Gregory, Kevin"]
[Result "0-1"]
[WhiteElo "1605"]
[BlackElo "1730"]
[PlyCount "142"]
[EventDate "1995.??.??"]

{5/(16)} 1. d4 d5 2. Nf3 c6 3. c3 Bf5 4. e3 e6 5. Bd3 Bg6 6. Qc2 Bd6 7. e4 dxe4
8. Bxe4 Bxe4 9. Qxe4 Nf6 10. Qh4 Qc7 11. Nbd2 Nbd7 12. Nc4 O-O-O 13. O-O h6 14.
Nxd6+ Qxd6 15. Bf4 Qe7 16. Be5 g5 17. Bxf6 Nxf6 18. Qg3 Rdg8 19. Qe5 g4 20. Nd2
Rg5 21. Qe2 Rhg8 22. c4 h5 23. d5 cxd5 24. cxd5 Rxd5 25. Rac1+ Kb8 26. Rc3 Rc8
27. Rxc8+ Kxc8 28. Nb3 Kb8 29. Qe3 Qd8 30. Re1 Rd1 31. Kf1 Qd5 32. Qe2 Rxe1+
33. Kxe1 Qe4 34. Nd2 Qxe2+ 35. Kxe2 Kc7 36. Nc4 Nd5 37. g3 f6 38. Nd2 f5 39.
Nf1 Kd6 40. Nd2 Kc5 41. Nb3+ Kd6 42. Na5 b6 43. Nc4+ Kc5 44. Nd2 a5 45. Nb3+
Kc4 46. Nd2+ Kd4 47. Nb3+ Ke5 48. Nc1 a4 49. Nd3+ Kd4 50. a3 e5 51. Kd2 e4 52.
Ne1 Kc4 53. Ng2 Kb3 54. Kc1 b5 55. Kb1 Nb6 56. Ne3 Nc4 57. Nxf5 Nxb2 58. Nd4+
Kc4 59. Nxb5 Nd3 60. Nd6+ Kd5 61. Nb5 Nxf2 62. Kc2 e3 63. Nc3+ Kd4 64. Ne2+ Ke4
65. Ng1 Nh3 66. Ne2 Kf3 67. Kd1 Kf2 68. Nc3 Ng1 69. Ne4+ Kf1 70. Kc2 e2 71.
Nd2+ Kg2 0-1

[Event "East Lansing (Class C/2/10)"]
[Site "?"]
[Date "1995.??.??"]
[Round "?"]
[White "Vorhauer, Sam"]
[Black "Boyle, John"]
[Result "0-1"]
[WhiteElo "1605"]
[BlackElo "1605"]
[PlyCount "86"]
[EventDate "1995.??.??"]

{2/(10)} 1. d4 d5 2. Nf3 Nf6 3. Bg5 e6 4. e3 c5 5. c3 Nc6 6. Nbd2 cxd4 7. exd4
Be7 8. Bd3 O-O 9. Bf4 Qb6 10. Qc2 Bd7 11. Ne5 h6 12. Nxc6 Qxc6 13. O-O Rac8 14.
a3 a5 15. Nf3 b5 16. Ne5 Qb7 17. Qe2 Be8 18. Rfc1 Qb6 19. Ng4 b4 20. Be5 Nxg4
21. Qxg4 f6 22. Bf4 Kh8 23. Be3 bxc3 24. bxc3 Qb3 25. Rab1 Qxa3 26. Rb7 f5 27.
Qe2 Bf6 28. Bd2 Bf7 29. Rcb1 Qd6 30. Ra7 Bd8 31. c4 dxc4 32. Bxc4 Qxd4 33. Rxf7
Rxf7 34. Qxe6 Qxc4 35. Qe5 Re7 36. Qb2 Qc2 37. g3 Qxb2 38. Rxb2 a4 39. Bb4 Rb7
40. Ba3 Rxb2 41. Bxb2 Be7 42. g4 fxg4 43. Kf1 a3 0-1

[Event "East Lansing (MOR/2/12)"]
[Site "?"]
[Date "1995.??.??"]
[Round "?"]
[White "Venia, Mike"]
[Black "al-Shareef, Robert"]
[Result "0-1"]
[WhiteElo "1605"]
[BlackElo "1710"]
[PlyCount "60"]
[EventDate "1995.??.??"]

{2/(12)} 1. c4 Nf6 2. Nc3 g6 3. Nf3 d6 4. d4 Bg7 5. e4 O-O 6. Be2 e5 7. dxe5
dxe5 8. Qxd8 Rxd8 9. Bg5 Be6 10. Nxe5 c6 11. O-O h6 12. Bh4 Na6 13. f3 Rd2 14.
b3 g5 15. Bg3 Nh5 16. Be1 Rxe2 17. Nxe2 Bxe5 18. Rd1 Nb4 19. Bxb4 a5 20. Bd6
Bg7 21. Rd3 a4 22. Rfd1 axb3 23. axb3 Nf6 24. Be5 Kh7 25. Ra1 Re8 26. Bc3 b5
27. Rd6 b4 28. Bd4 c5 29. Bxc5 Nxe4 30. Bxb4 Nxd6 0-1

[Event "Troy (TCC Res/3/11)"]
[Site "?"]
[Date "1995.??.??"]
[Round "?"]
[White "Venia, Mike"]
[Black "Vangilder, W."]
[Result "1/2-1/2"]
[WhiteElo "1605"]
[BlackElo "1605"]
[PlyCount "61"]
[EventDate "1995.??.??"]

{3/(11)} 1. c4 Nf6 2. Nc3 g6 3. Nf3 Bg7 4. d4 d6 5. Bg5 O-O 6. e3 c5 7. Nd5
Nbd7 8. Nxf6+ Nxf6 9. Bxf6 Bxf6 10. Qd2 cxd4 11. Nxd4 Bd7 12. Be2 a6 13. O-O
Rb8 14. Rfc1 Bc6 15. Bf3 Qd7 16. Bxc6 bxc6 17. Rc2 c5 18. Nf3 Qb7 19. Rb1 Qe4
20. b3 Rb7 21. Ne1 Rfb8 22. Qd3 Qc6 23. Qd5 Qc7 24. Rd1 Qa5 25. Qd2 Qb6 26. Nf3
a5 27. Rb1 Qb4 28. Qxb4 axb4 29. Re1 Ra8 30. Ree2 Rba7 31. g3 1/2-1/2

[Event "East Lansing (Class C/3/10)"]
[Site "?"]
[Date "1995.??.??"]
[Round "?"]
[White "Venia, Mike"]
[Black "Smith, Lester"]
[Result "1/2-1/2"]
[WhiteElo "1605"]
[BlackElo "1605"]
[PlyCount "69"]
[EventDate "1995.??.??"]

{3/(10)} 1. e4 e5 2. Nf3 Nc6 3. d4 d6 4. dxe5 dxe5 5. Qxd8+ Kxd8 6. Bc4 Nf6 7.
Bxf7 Nxe4 8. c3 Bg4 9. Nfd2 Nxd2 10. Nxd2 Kd7 11. Ne4 Bd6 12. O-O Rhf8 13. Bb3
Rad8 14. Be3 Kc8 15. f3 Bf5 16. Nxd6+ cxd6 17. Rfd1 h5 18. Rd2 Kc7 19. Rad1 Ne7
20. Bg5 Rfe8 21. Bf7 Nc8 22. Bxd8+ Rxd8 23. Bxh5 Nb6 24. b3 d5 25. Bf7 Kc6 26.
g4 Bh7 27. c4 d4 28. Bd5+ Nxd5 29. cxd5+ Kxd5 30. f4 Rd6 31. fxe5 Kxe5 32. Kf2
Ke4 33. h3 d3 34. Rc1 Rc6 35. Rxc6 1/2-1/2

[Event "Eastpointe (MCO/2/37)"]
[Site "?"]
[Date "1995.??.??"]
[Round "?"]
[White "Venia, Mike"]
[Black "Murphy, L."]
[Result "1-0"]
[WhiteElo "1605"]
[BlackElo "1605"]
[PlyCount "109"]
[EventDate "1995.??.??"]

{2/(37)} 1. c4 e5 2. Nc3 Nf6 3. Nf3 Nc6 4. g3 d6 5. d4 Bf5 6. dxe5 Nxe5 7. Bg2
Nxc4 8. Qa4+ Qd7 9. Qxc4 d5 10. Qa4 Qxa4 11. Nxa4 h6 12. O-O Bd6 13. Be3 b6 14.
Nd4 Bd7 15. Nc3 O-O 16. Nxd5 Nh7 17. Rfc1 c5 18. Nb3 Rae8 19. Rd1 Be5 20. Rd2
Rd8 21. Bf4 Bxf4 22. Nxf4 Nf6 23. Rad1 a5 24. Bh3 a4 25. Na1 g5 26. Nd5 Ne4 27.
Ne7+ Kg7 28. Rxd7 Rxd7 29. Rxd7 Kh8 30. Bf5 Nf6 31. Rb7 Re8 32. Nc2 g4 33. Ne3
h5 34. Kf1 h4 35. Nxg4 h3 36. Nxf6 Rd8 37. Ke1 Kg7 38. Nfd5 c4 39. Rxb6 a3 40.
bxa3 c3 41. Nxc3 Ra8 42. a4 f6 43. Rb3 Kh6 44. Ra3 Kg5 45. a5 Ra7 46. a6 Kh6
47. Nc6 Ra8 48. Be4 Kg5 49. Ra5+ Kh6 50. a7 Rxa7 51. Rxa7 Kg5 52. Rg7+ Kh6 53.
Rh7+ Kg5 54. f4+ Kg4 55. Rh4# 1-0

[Event "Eastpointe (MCO/6/22)"]
[Site "?"]
[Date "1995.??.??"]
[Round "?"]
[White "Venia, Mike"]
[Black "Moore, Robert"]
[Result "1/2-1/2"]
[WhiteElo "1605"]
[BlackElo "1705"]
[PlyCount "47"]
[EventDate "1995.??.??"]

{6/(22)} 1. c4 d6 2. Nc3 g6 3. Nf3 Bg7 4. d4 e5 5. dxe5 dxe5 6. Qxd8+ Kxd8 7.
e4 Nc6 8. Be2 Be6 9. O-O Ke7 10. Nd5+ Bxd5 11. exd5 Nb4 12. a3 Nc2 13. Rb1 e4
14. Ng5 Nd4 15. Bd1 Nf6 16. Nxe4 Nxe4 17. Re1 Rhe8 18. Rxe4+ Kf8 19. Rxe8+ Rxe8
20. Be3 Nf5 21. Ba4 Rd8 22. Bg5 f6 23. Bf4 Nd6 24. Bxd6+ 1/2-1/2

[Event "Lansing (Mini-Swiss.2/1)"]
[Site "?"]
[Date "1995.??.??"]
[Round "?"]
[White "Venia, Mike"]
[Black "McGrath, Michael"]
[Result "0-1"]
[WhiteElo "1605"]
[BlackElo "1730"]
[PlyCount "76"]
[EventDate "1995.??.??"]

{2/(1)} 1. c4 g6 2. Nf3 Bg7 3. Nc3 Nf6 4. d4 c6 5. e3 d5 6. Qb3 O-O 7. Bd3 b6
8. O-O Bb7 9. Bd2 Qc7 10. Rfc1 Qd7 11. Ne5 Qd6 12. cxd5 cxd5 13. Nb5 Qd8 14.
Nc7 Nbd7 15. Nxd7 Qxd7 16. Nxa8 Rxa8 17. Rc2 Bc6 18. a4 h5 19. Bb5 Bxb5 20.
axb5 Ne4 21. Rac1 h4 22. Qd3 h3 23. g3 Qg4 24. Qf1 Ng5 25. Bb4 Nf3+ 26. Kh1 Qe4
27. Rc8+ Rxc8 28. Rxc8+ Bf8 29. Qxh3 Nxd4+ 30. Qg2 Nf3 31. Rc1 g5 32. Bc3 g4
33. Bd4 e5 34. Bc3 d4 35. exd4 exd4 36. Be1 d3 37. Rd1 Qe2 38. Rc1 Nxe1 0-1

[Event "East Lansing (Class C/1/15)"]
[Site "?"]
[Date "1995.??.??"]
[Round "?"]
[White "Venia, Mike"]
[Black "Hill, M."]
[Result "1-0"]
[WhiteElo "1605"]
[BlackElo "1605"]
[PlyCount "103"]
[EventDate "1995.??.??"]

{1/(15)} 1. c4 g6 2. d4 Bg7 3. Nf3 c6 4. Nc3 d5 5. cxd5 cxd5 6. Bf4 Bg4 7. Ne5
Be6 8. e3 Nf6 9. Bb5+ Nbd7 10. h3 a6 11. Bxd7+ Nxd7 12. Nd3 Nf6 13. O-O O-O 14.
Rc1 Bf5 15. Qe2 Bxd3 16. Qxd3 e6 17. Rc2 b5 18. Rfc1 Rc8 19. b3 Qd7 20. a4 b4
21. Na2 a5 22. Rc7 Rxc7 23. Rxc7 Qd8 24. Qb5 Qa8 25. Rc5 Ne4 26. Qxa5 Nxc5 27.
Qxc5 Rc8 28. Qb5 h6 29. Nxb4 g5 30. Bd6 Bf8 31. Bc5 Rb8 32. Bb6 Qb7 33. a5 Bxb4
34. Qxb4 Rc8 35. Qd6 Qb8 36. Qxb8 Rxb8 37. Kf1 Kf8 38. Ke2 Ke7 39. Kd3 Kd6 40.
Kc3 Rc8+ 41. Bc5+ Kc6 42. Kb4 f6 43. a6 e5 44. g4 exd4 45. Bxd4 Ra8 46. a7 Kb7
47. Kb5 Rf8 48. b4 f5 49. Ka5 fxg4 50. hxg4 Rxf2 51. e4 dxe4 52. Bxf2 1-0

[Event "Eastpointe (MCO/4/33)"]
[Site "?"]
[Date "1995.??.??"]
[Round "?"]
[White "Venia, Mike"]
[Black "Felton, H."]
[Result "1-0"]
[WhiteElo "1605"]
[BlackElo "1605"]
[PlyCount "49"]
[EventDate "1995.??.??"]

{4/(33)} 1. c4 e6 2. Nc3 Nf6 3. Nf3 d5 4. d4 Bb4 5. a3 Bxc3+ 6. bxc3 Nc6 7. Bg5
O-O 8. Ne5 h6 9. Nxc6 bxc6 10. Bf4 Ba6 11. e3 Rb8 12. Qa4 Bb7 13. Qxa7 Qc8 14.
Qa5 Ra8 15. Qxc7 Qxc7 16. Bxc7 Rfc8 17. Bd6 Ne4 18. Bb4 Ba6 19. f3 Bxc4 20.
Bxc4 Nf6 21. Bd3 Nd7 22. Kd2 Rab8 23. Rhb1 c5 24. dxc5 Nxc5 25. Bxc5 1-0

[Event "Ann Arbor (HVA/1/1)"]
[Site "?"]
[Date "1995.??.??"]
[Round "?"]
[White "Venia, Mike"]
[Black "Cetinel, S."]
[Result "0-1"]
[WhiteElo "1605"]
[BlackElo "2200"]
[PlyCount "60"]
[EventDate "1995.??.??"]

{1/(1)} 1. c4 Nc6 2. Nf3 Nf6 3. Nc3 e6 4. d4 d5 5. Bg5 Be7 6. e3 h6 7. cxd5
exd5 8. Bf4 Bf5 9. Bb5 O-O 10. Bxc6 bxc6 11. O-O Bd6 12. Ne5 Bxe5 13. Bxe5 Nd7
14. Bg3 Re8 15. Qa4 Re6 16. Rfd1 Rg6 17. Ne2 h5 18. Nf4 Rh6 19. h3 h4 20. Bh2
g5 21. Nd3 g4 22. hxg4 Bxg4 23. Ne5 Nxe5 24. Bxe5 h3 25. Rd2 hxg2 26. Kxg2 Qh4
27. f3 Qh3+ 28. Kg1 Qh1+ 29. Kf2 Qxf3+ 30. Ke1 Rh1# 0-1

[Event "Troy (TCC Res/1/21)"]
[Site "?"]
[Date "1995.??.??"]
[Round "?"]
[White "Venia, Mike"]
[Black "Biondo, Anthony"]
[Result "1-0"]
[WhiteElo "1605"]
[BlackElo "1605"]
[PlyCount "89"]
[EventDate "1995.??.??"]

{1/(21)} 1. c4 e5 2. Nc3 Nc6 3. Nf3 Nf6 4. d4 Qe7 5. Bg5 d6 6. Nd5 Qd8 7. Nxf6+
gxf6 8. Bh4 Bg7 9. dxe5 dxe5 10. Qxd8+ Nxd8 11. h3 Be6 12. e3 Nc6 13. Rd1 Bd7
14. Nd2 Bf5 15. g4 Bg6 16. Bg2 O-O-O 17. Ne4 Rxd1+ 18. Kxd1 Bxe4 19. Bxe4 Na5
20. Bd5 Rd8 21. Kc2 Rd7 22. b3 c6 23. Be4 h6 24. Bf5 Kc7 25. Bxd7 Kxd7 26. Kd3
c5 27. Rd1 Ke6 28. Ke4 Nc6 29. f4 Nb4 30. f5+ Ke7 31. Be1 Nxa2 32. Ra1 Nb4 33.
Bxb4 cxb4 34. Rxa7 Ke8 35. Rxb7 Bf8 36. Kd5 Kd8 37. Rb8+ Ke7 38. Kc5 h5 39.
Kxb4 Bh6 40. e4 hxg4 41. hxg4 Bd2+ 42. Kb5 Kd7 43. Rb7+ Kd6 44. Rxf7 Bf4 45.
c5# 1-0

[Event "Lansing (Mini-Swiss.2/3)"]
[Site "?"]
[Date "1995.??.??"]
[Round "?"]
[White "Venia, Mike"]
[Black "Anthony, James"]
[Result "1/2-1/2"]
[WhiteElo "1605"]
[BlackElo "1605"]
[PlyCount "44"]
[EventDate "1995.??.??"]

{2/(3)} 1. c4 e5 2. Nc3 c6 3. Nf3 d6 4. d4 exd4 5. Qxd4 Qf6 6. Ne4 Qxd4 7. Nxd4
Be7 8. Bf4 d5 9. cxd5 cxd5 10. Nd6+ Bxd6 11. Bxd6 Bd7 12. e3 Nf6 13. Bd3 Nc6
14. O-O a6 15. Rac1 Rd8 16. Bc5 Ne4 17. Bxe4 dxe4 18. Nxc6 Bxc6 19. Rfd1 Rd7
20. Rxd7 Bxd7 21. Bd6 Bc6 22. a3 f6 1/2-1/2

[Event "Eastpointe (MCO/3/37)"]
[Site "?"]
[Date "1995.??.??"]
[Round "?"]
[White "Venia, H."]
[Black "Tiwari, P."]
[Result "1-0"]
[WhiteElo "1605"]
[BlackElo "1605"]
[PlyCount "115"]
[EventDate "1995.??.??"]

{3/(37)} 1. d4 d5 2. c4 dxc4 3. e4 e6 4. Bxc4 c5 5. Be3 Nc6 6. Nf3 cxd4 7. Nxd4
e5 8. Qf3 Bb4+ 9. Nc3 Nf6 10. Nf5 Bxf5 11. Qxf5 Qa5 12. Bd2 Nd4 13. Bb5+ Kf8
14. Qxe5 Nc2+ 15. Ke2 Re8 16. Qg3 Nxe4 17. Qh4 Nxc3+ 18. Kd3 Qxb5+ 19. Kxc2 Nd5
20. Rad1 Bxd2 21. Rxd2 Nb4+ 22. Kb1 Qf5+ 23. Kc1 Rc8+ 24. Kd1 Qb1+ 25. Ke2 Re8+
26. Kf3 Qf5+ 27. Kg3 Re4 28. Qd8+ Re8 29. Qd6+ Kg8 30. Qxb4 h5 31. Rd4 g5 32.
f3 h4+ 33. Kf2 Qc2+ 34. Rd2 Qf5 35. Qxb7 g4 36. Qb3 g3+ 37. Kf1 Qe5 38. Qd1
gxh2 39. Re2 Qb5 40. Kf2 Qb6+ 41. Kf1 h3 42. Rxe8+ Kg7 43. Rxh8 Kxh8 44. Rxh2
Qb5+ 45. Qe2 Qf5 46. Rxh3+ Kg8 47. Qe8+ Kg7 48. Qh8+ Kg6 49. Qh7+ Kf6 50. Qxf5+
Kxf5 51. Ke2 a5 52. Rh4 Kg5 53. Ra4 f5 54. Rxa5 Kf4 55. b4 Kg5 56. b5 Kg6 57.
b6 Kf6 58. b7 1-0

[Event "Eastpointe (MCO/1/22)"]
[Site "?"]
[Date "1995.??.??"]
[Round "?"]
[White "Venia, H."]
[Black "Hater, David"]
[Result "0-1"]
[WhiteElo "1605"]
[BlackElo "1900"]
[PlyCount "36"]
[EventDate "1995.??.??"]

{1/(22)} 1. d4 Nf6 2. c4 g6 3. Nf3 Bg7 4. Nc3 d5 5. c5 O-O 6. e3 Nc6 7. h3 Bf5
8. a3 Re8 9. g4 Be4 10. Nxe4 Nxe4 11. Bd3 e5 12. dxe5 Nxc5 13. Bb5 Re6 14. Bxc6
Rxc6 15. Nd4 Rb6 16. b4 Ne4 17. f3 Qh4+ 18. Ke2 Nc3+ 0-1

[Event "Eastpointe (MCO/5/30)"]
[Site "?"]
[Date "1995.??.??"]
[Round "?"]
[White "Venia, H."]
[Black "DeBlasio, N."]
[Result "1-0"]
[WhiteElo "1605"]
[BlackElo "1605"]
[PlyCount "119"]
[EventDate "1995.??.??"]

{5/(30)} 1. d4 Nf6 2. c4 d5 3. e3 Nc6 4. Nf3 Bg4 5. Nc3 e6 6. a3 Bd6 7. Be2 Bf5
8. O-O O-O 9. Bd2 Re8 10. cxd5 exd5 11. Bb5 a6 12. Ba4 Re7 13. Bb3 Bd3 14. Re1
Bc4 15. Rc1 b5 16. Bxc4 bxc4 17. Qa4 Qd7 18. Rb1 Nd8 19. Qxd7 Rxd7 20. e4 dxe4
21. Nxe4 Nxe4 22. Rxe4 Re7 23. Rbe1 Rxe4 24. Rxe4 Nc6 25. d5 Ne7 26. Bg5 f6 27.
Bf4 Re8 28. Bxd6 cxd6 29. Rxc4 Nxd5 30. Rd4 Nc7 31. Rxd6 Ra8 32. Kf1 Kf8 33.
Ke2 Ke7 34. Rd3 a5 35. Kd2 Rd8 36. Rxd8 Kxd8 37. Kc3 Kc8 38. Kc4 Kb7 39. Nd2
Kc6 40. Ne4 Nb5 41. a4 Nc7 42. Ng3 Nd5 43. Nf5 Nf4 44. Nd4+ Kb6 45. g3 Ng6 46.
f4 Ne7 47. b4 axb4 48. Kxb4 Nc6+ 49. Nxc6 Kxc6 50. a5 Kb7 51. Kb5 f5 52. a6+
Ka7 53. Kc5 Kxa6 54. Kd5 Kb5 55. Ke6 g6 56. Kf6 Kc5 57. Kg7 Kd5 58. Kxh7 Ke4
59. Kxg6 Kf3 60. h4 1-0

[Event "Lansing (Mini-Swiss.3/3)"]
[Site "?"]
[Date "1995.??.??"]
[Round "?"]
[White "Venia, A."]
[Black "Higgins, Richard"]
[Result "1-0"]
[WhiteElo "1605"]
[BlackElo "1605"]
[PlyCount "89"]
[EventDate "1995.??.??"]

{3/(3)} 1. d4 Nf6 2. c4 g6 3. Nc3 Bg7 4. Nf3 d6 5. e4 O-O 6. Be2 e5 7. dxe5
dxe5 8. Qxd8 Rxd8 9. Bg5 Bg4 10. Nxe5 Bxe2 11. Nxe2 Re8 12. Nf3 Nxe4 13. Bc1
Nc6 14. O-O Rad8 15. Rb1 Nc5 16. Be3 Nd3 17. b3 b6 18. Nf4 Nde5 19. Nxe5 Nxe5
20. Nd5 c6 21. Bg5 cxd5 22. Bxd8 Rxd8 23. cxd5 Nd7 24. Rfd1 Nf6 25. d6 Bf8 26.
a4 Ne4 27. Rdc1 Bxd6 28. b4 Bf8 29. Rc7 a5 30. bxa5 Bc5 31. a6 Nxf2 32. a7 Ra8
33. Rb7 Kg7 34. a5 Re8 35. h3 Nxh3+ 36. Kh2 Nf2 37. Rb8 Ng4+ 38. Kh1 Nf2+ 39.
Kg1 Ng4+ 40. Kf1 Ne3+ 41. Ke2 Re7 42. a8=Q Ng4+ 43. Kd3 Rd7+ 44. Kc4 Nf6 45.
axb6 1-0

[Event "Troy (TCC Beg/2/4)"]
[Site "?"]
[Date "1995.??.??"]
[Round "?"]
[White "Venia, A."]
[Black "Hall, K."]
[Result "0-1"]
[WhiteElo "1605"]
[BlackElo "1605"]
[PlyCount "102"]
[EventDate "1995.??.??"]

{2/(4)} 1. d4 Nf6 2. c4 e6 3. Nc3 Bb4 4. Bd2 O-O 5. e3 b6 6. Nf3 Bb7 7. Be2 d5
8. cxd5 Nxd5 9. O-O Bd6 10. Nxd5 Bxd5 11. Qc2 f5 12. Rfd1 Nd7 13. a3 Rf6 14.
Rac1 Rg6 15. Nh4 Qxh4 16. g3 Bxg3 17. fxg3 Qh3 18. Bf1 Rxg3+ 19. Kf2 Rf3+ 20.
Ke2 Qxh2+ 21. Kd3 Be4+ 22. Kc3 Bxc2 23. Kxc2 Rxe3 24. Kb1 Re4 25. Bc3 Nf6 26.
Bd3 Rg4 27. Rh1 Qd6 28. Be2 Rg6 29. Bf3 Nd5 30. Bd2 Rc8 31. Bh5 Rg4 32. Bxg4
fxg4 33. Rhg1 h5 34. Rh1 g6 35. Bg5 Rf8 36. Rhf1 Rxf1 37. Rxf1 g3 38. Rg1 g2
39. Rxg2 c5 40. dxc5 bxc5 41. Rd2 Qg3 42. Bd8 h4 43. Ba5 h3 44. Rd1 h2 45. Bd2
Qg1 46. Rxg1 hxg1=Q+ 47. Ka2 c4 48. a4 Qg2 49. Bc1 Nb4+ 50. Kb1 Qc2+ 51. Ka1
Qxc1# 0-1

[Event "Troy (US Am N/4/9)"]
[Site "?"]
[Date "1995.??.??"]
[Round "?"]
[White "Velasquez, A."]
[Black "Yahkind, Alex"]
[Result "0-1"]
[WhiteElo "1750"]
[BlackElo "2080"]
[PlyCount "37"]
[EventDate "1995.??.??"]

{4/(9)} 1. Nf3 c5 2. g3 d5 3. Bg2 Nc6 4. d3 Nf6 5. Nbd2 g6 6. O-O Bg7 7. e4 O-O
8. Re1 d4 9. Nf1 e5 10. N3d2 Ne8 11. Nb3 b6 12. f4 exf4 13. Bxf4 Bb7 14. Nfd2
Ne5 15. Nf3 Nxf3+ 16. Bxf3 a5 17. Nd2 g5 18. Be3 dxe3 19. Rxe3 0-1

[Event "East Lansing (Class B/4/2)"]
[Site "?"]
[Date "1995.??.??"]
[Round "?"]
[White "Velasquez, A."]
[Black "Scriber, Darin"]
[Result "1/2-1/2"]
[WhiteElo "1715"]
[BlackElo "1670"]
[PlyCount "68"]
[EventDate "1995.??.??"]

{4/(2)} 1. d4 Nf6 2. Nf3 e6 3. e3 b6 4. Bd3 Bb7 5. Nbd2 Be7 6. O-O d5 7. Qe2
O-O 8. Ne5 c5 9. c3 Nbd7 10. f4 Ne4 11. Nxe4 dxe4 12. Bc4 Nxe5 13. fxe5 Bd5 14.
Bd2 Bxc4 15. Qxc4 Qd5 16. Qe2 f6 17. exf6 gxf6 18. c4 Qg5 19. Rf4 f5 20. Raf1
Rf6 21. Be1 Rh6 22. Qf2 Bd6 23. Rh4 Rxh4 24. Qxh4 Qxe3+ 25. Bf2 Qf4 26. Qxf4
Bxf4 27. dxc5 e3 28. Bg3 Bxg3 29. hxg3 bxc5 30. Re1 Rd8 31. Rxe3 Rd2 32. Rb3
Kf7 33. Rb7+ Kg6 34. a3 Rc2 1/2-1/2

[Event "Troy (US Am N/3/23)"]
[Site "?"]
[Date "1995.??.??"]
[Round "?"]
[White "Velasquez, A."]
[Black "Rosebrook, G."]
[Result "1-0"]
[WhiteElo "1750"]
[BlackElo "1605"]
[PlyCount "45"]
[EventDate "1995.??.??"]

{3/(23)} 1. Nf3 d6 2. g3 Nf6 3. Bg2 Nc6 4. O-O e5 5. d3 h6 6. e4 Bg4 7. Qe1 Be7
8. Nbd2 Qd7 9. a3 a6 10. Nc4 Bxf3 11. Bxf3 Nd4 12. Qd1 a5 13. Ne3 O-O 14. c3
Nxf3+ 15. Qxf3 c6 16. Nf5 Nh7 17. h4 Qe6 18. Qg4 g5 19. hxg5 Bxg5 20. Kg2 Kh8
21. Bxg5 Nxg5 22. Rh1 Kh7 23. Qxg5 1-0

[Event "Troy (US Am N/1/33)"]
[Site "?"]
[Date "1995.??.??"]
[Round "?"]
[White "Velasquez, A."]
[Black "Fuson, R."]
[Result "1-0"]
[WhiteElo "1750"]
[BlackElo "1605"]
[PlyCount "69"]
[EventDate "1995.??.??"]

{1/(33)} 1. Nf3 d5 2. g3 Nf6 3. Bg2 Nc6 4. O-O Bf5 5. d3 e5 6. Nbd2 Qd7 7. a3
Be7 8. Re1 Bh3 9. e4 Bxg2 10. Kxg2 O-O-O 11. b4 dxe4 12. dxe4 b5 13. Bb2 Bd6
14. Qe2 a6 15. c4 Nd4 16. Nxd4 exd4 17. Bxd4 h5 18. cxb5 Qxb5 19. Qxb5 axb5 20.
Nf3 Ng4 21. h3 Nh6 22. Bxg7 Rh7 23. Bxh6 Rxh6 24. e5 Be7 25. Rad1 f5 26. Rxd8+
Kxd8 27. Nd4 Kd7 28. Nxf5 Re6 29. Nxe7 Kxe7 30. f4 Rc6 31. Kf3 Rc3+ 32. Re3 Rc2
33. g4 h4 34. f5 Rc1 35. Kf4 1-0